000 00397nam a22001577a 4500
003 MACL
005 20160114172807.0
008 160114b xxu||||| |||| 00| 0 eng d
040 _cEnglish
082 _a320/JIM
100 _aJimomi Dr. V. Hokuto
_932427
245 _aPolitical Parties In Nagaland
260 _aNagaland
_bGraphic Printers
_c2009
650 _aPolotics
_922528
942 _2ddc
_cBK
999 _c52336
_d52336